LIBRARY & INFORMATION CENTRE, KCAET, TAVANUR

ONLINE PUBLIC ACCESS CATALOGUE (OPAC)

Higher engineering mathematics (Record no. 13892)

MARC details
000 -LEADER
fixed length control field 00316nam a22001337a 4500
020 ## - INTERNATIONAL STANDARD BOOK NUMBER
ISBN 9788121938907
082 ## - DEWEY DECIMAL CLASSIFICATION NUMBER
Classification number 519.062
Item number DAS/HI
100 ## - MAIN ENTRY--AUTHOR NAME
Personal name Dass, H.K
245 ## - TITLE STATEMENT
Title Higher engineering mathematics
260 ## - PUBLICATION, DISTRIBUTION, ETC. (IMPRINT)
Place of publication New Delhi
Name of publisher S.Chand & Company Ltd.
Year of publication 2011
300 ## - PHYSICAL DESCRIPTION
Number of Pages 1708
700 ## - ADDED ENTRY--PERSONAL NAME
Personal name Rajnish Verma
942 ## - ADDED ENTRY ELEMENTS (KOHA)
Koha item type Books
Holdings
Withdrawn status Lost status Damaged status Collection code Home library Current library Shelving location Date acquired Source of acquisition Cost, normal purchase price Full call number Accession Number Koha item type
      Non-fiction KAUAET KAUAET General Stacks 30/03/2013 Calicut Book Distributors 795.00 519.062 DAS/HI 23731 Books
free website counter